| 000 | 01113cam a22003137a 4500 | ||
|---|---|---|---|
| 003 | CHAP | ||
| 005 | 20220329133200.0 | ||
| 008 | 971013s1990 r 10010 d | ||
| 010 | _a3083 | ||
| 011 | _a4055 | ||
| 035 | _a3256 | ||
| 040 | _cCHAP | ||
| 082 |
_a581.634063 _bC6 1990 |
||
| 111 | 0 | 0 |
_aColoquio de Medicina Tradicional Mexicana _c: un Saber en Integración ( _n4 _d: 1990 _c: México, D. F.) _925420 |
| 245 | 0 | _aMemorias | |
| 260 |
_aMéxico, D. F. : _bENEP. Zaragoza, _c1990 |
||
| 300 | _a209 h | ||
| 590 |
_aBATCH-UPD _b10 _c20130110 _lUCH01 _h0253 |
||
| 590 |
_aBATCH-UPD _b10 _c20130110 _lUCH01 _h1711 |
||
| 590 |
_aBATCH-UPD _b10 _c20130409 _lUCH01 _h2324 |
||
| 590 |
_aBATCH-UPD _b10 _c20130410 _lUCH01 _h1357 |
||
| 590 |
_aBATCH-UPD _b10 _c20130914 _lUCH01 _h0746 |
||
| 590 |
_aCONVERSION _b10 _c20130109 _lUCH01 _h1303 |
||
| 650 | 1 | 4 |
_aBotánica médica _xCongresos. _914682 |
| 710 | 0 |
_aUniversidad Nacional Autónoma de México. Escuela Nacional de Estudios Profesionales Zaragoza. _9116520 |
|
| 901 | _aBK | ||
| 942 | _cLIBRO | ||
| 949 |
_a581.634063 C6 1990 _bBC _cLIBRO _d-12768 _eLIBRO _h80794 _i3256 _mD _si |
||
| 999 |
_c3083 _d3083 |
||